000
00311nam a2200121Ia 4500
008
220216s9999 xx 000 0 und d
100
_a
Vance Petra
245
0
_a
Nano technology: A far-reaching revolution on cards
260
_b
Rubber Asia
_c
2005
300
_a
51-52
650
_a
Nano technology
942
_c
JS
999
_c
63393
_d
63393